000
00246nam a2200109Ia 4500
008
190216s9999||||xx |||||||||||||| ||und||
100
_a
Gupta C B
245
0
_a
Management Theory And Practice
260
_b
Null
_c
1999
300
_a
218p
942
_c
BK
999
_c
5797
_d
5797